Basic training in systems analysis
Salvato in:
| Natura: | Libro |
|---|---|
| Lingua: | inglese |
| Pubblicazione: |
London
Pitman
1971
|
| Edizione: | 2. ed. |
| Tags: |
Nessun Tag, puoi essere il primo ad aggiungerne!!
|
MARC
| LEADER | 00000nam a2200000 4500 | ||
|---|---|---|---|
| 001 | c109369 | ||
| 005 | 20230118081018.8 | ||
| 041 | 0 | |a eng | |
| 044 | |a GB | ||
| 245 | 1 | 0 | |a Basic training in systems analysis |
| 250 | |a 2. ed. | ||
| 264 | 1 | |a London |b Pitman |c 1971 | |
| 300 | |a 301 s. | ||